О кристалической форме 1-фенил-3-метил пиразолона; Bulletin de la sosiele imperiale des Naturalistes de Moscou; № 4

Bibliographische Detailangaben
Parent link:Bulletin de la sosiele imperiale des Naturalistes de Moscou
№ 4.— 1904.— С. 157-158
1. Verfasser: Пилипенко П. П.
Sprache:Russisch
Veröffentlicht: 1904
Schlagworte:
Format: Buchkapitel
KOHA link:https://koha.lib.tpu.ru/cgi-bin/koha/opac-detail.pl?biblionumber=591397

MARC

LEADER 00000naa0a2200000 4500
001 591397
005 20250103191902.0
035 |a (RuTPU)RU\TPU\tpu\1652 
035 |a TPU00001652 
090 |a 591397 
100 |a 20011210d1904 k||y0rusy50 ca 
101 0 |a rus 
102 |a RU 
200 1 |a О кристалической форме 1-фенил-3-метил пиразолона  |f П. П. Пилипенко 
461 |t Bulletin de la sosiele imperiale des Naturalistes de Moscou 
463 |t № 4  |v С. 157-158  |d 1904 
610 1 |a химические науки 
610 1 |a труды учёных ТПУ 
700 1 |a Пилипенко  |b П. П. 
801 0 |a RU  |b 63413507  |c 20011210  |g PSBO 
801 2 |a RU  |b 63413507  |c 20060126  |g PSBO 
942 |c CR